[Event "Rhein Main op-B 15th"]
[Site "Bad Homburg"]
[Date "2012.06.07"]
[Round "2"]
[White "Lochmann, Tobias"]
[Black "Schwarz, Tobias"]
[Result "0-1"]
[WhiteElo "723"]
[BlackElo "1406"]
[PlyCount "54"]
[EventDate "2012.06.06"]
[EventType "swiss"]
[EventRounds "7"]
[EventCountry "GER"]
[SourceTitle "EXT 2013"]
[Source "ChessBase"]
[SourceDate "2012.11.22"]
[SourceVersion "1"]
[SourceVersionDate "2012.11.22"]
[SourceQuality "1"]

1. d4 d5 2. Nf3 Nc6 3. Nc3 Nf6 4. e3 Bg4 5. Be2 e6 6. 0-0 Bb4 7. Bd2 Bxc3 8. Bxc3 Ne4 9. Qe1 0-0 10. h3 Bf5 11. Bd3 Nxc3 12. Qxc3 Bxd3 13. Qxd3 f6 14. Rae1 e5 15. c4 e4 16. Qe2 exf3 17. Qxf3 dxc4 18. e4 Nxd4 19. Qc3 b5 20. Rd1 Ne2+ 21. Kh1 Nxc3 22. Rxd8 Rfxd8 23. bxc3 Rd3 24. Re1 Rad8 25. e5 Rd1 26. Rxd1 Rxd1+ 27. Kh2 fxe5 0-1

[Event "Rhein Main op-B 15th"]
[Site "Bad Homburg"]
[Date "2012.06.06"]
[Round "1"]
[White "Schwarz, Tobias"]
[Black "Korchounov, Andrei"]
[Result "0-1"]
[WhiteElo "1406"]
[BlackElo "1768"]
[PlyCount "90"]
[EventDate "2012.06.06"]
[EventType "swiss"]
[EventRounds "7"]
[EventCountry "GER"]
[SourceTitle "EXT 2013"]
[Source "ChessBase"]
[SourceDate "2012.11.22"]
[SourceVersion "1"]
[SourceVersionDate "2012.11.22"]
[SourceQuality "1"]

1. e4 e5 2. Bc4 Nf6 3. Nc3 d6 4. h3 Be7 5. Nf3 0-0 6. 0-0 c6 7. Bb3 Qc7 8. Re1 Nbd7 9. d4 a6 10. dxe5 dxe5 11. Bg5 Nc5 12. Bxf6 Bxf6 13. Nd2 Be6 14. Bxe6 Nxe6 15. Nf3 Rad8 16. Qc1 Nd4 17. Nxd4 Rxd4 18. Rd1 Rfd8 19. Rxd4 Rxd4 20. Qe1 Qb6 21. b3 Bh4 22. Qe3 Qd8 23. Qe2 Rd2 24. Rd1 Bxf2+ 25. Qxf2 Rxd1+ 26. Nxd1 Qxd1+ 27. Kh2 Qd4 28. Qxd4 exd4 29. Kg3 Kf8 30. Kf4 Ke7 31. e5 Ke6 32. Ke4 c5 33. a4 a5 34. h4 h6 35. Kd3 Kd5 36. h5 b6 37. g3 g6 38. e6 Kxe6 39. hxg6 fxg6 40. Ke4 Kd6 41. g4 Ke6 42. Kf4 Kd5 43. Kf3 Ke5 44. g5 hxg5 45. Kg4 Ke4 0-1

[Event "Rhein Main op-B 14th"]
[Site "Bad Homburg"]
[Date "2011.06.23"]
[Round "2"]
[White "Bruno, Claudio"]
[Black "Schwarz, Tobias"]
[Result "1-0"]
[WhiteElo "1775"]
[BlackElo "1284"]
[PlyCount "69"]
[EventDate "2011.06.22"]
[EventType "swiss"]
[EventRounds "7"]
[EventCountry "GER"]
[SourceTitle "EXT 2012"]
[Source "ChessBase"]
[SourceDate "2011.11.24"]
[SourceVersion "1"]
[SourceVersionDate "2011.11.24"]
[SourceQuality "1"]

1. d4 d5 2. Nf3 Nc6 3. Bf4 Nf6 4. e3 Bg4 5. Nbd2 e6 6. Bd3 Be7 7. h3 Bf5 8. Bxf5 exf5 9. 0-0 Ne4 10. c4 g5 11. Bh2 Bb4 12. cxd5 Qxd5 13. Nxe4 fxe4 14. Ne5 0-0-0 15. Nxc6 Qxc6 16. Bxc7 Qxc7 17. Rc1 Bd6 18. Rxc7+ Bxc7 19. Qc2 f5 20. Rc1 Rd7 21. Qc5 Kb8 22. Qxf5 Rg7 23. Qxe4 Rc8 24. Rc5 Bd6 25. Rxc8+ Kxc8 26. Qe6+ Rd7 27. Kf1 Kd8 28. Ke2 h5 29. Qg8+ Ke7 30. Qxg5+ Kf8 31. Qxh5 Rg7 32. Qf5+ Rf7 33. Qg5 Be7 34. Qe5 Bh4 35. Qh8+ 1-0

[Event "Rhein Main op-B 14th"]
[Site "Bad Homburg"]
[Date "2011.06.23"]
[Round "3"]
[White "Schwarz, Tobias"]
[Black "Altenaehr, Johannes"]
[Result "0-1"]
[WhiteElo "1284"]
[BlackElo "1651"]
[PlyCount "54"]
[EventDate "2011.06.22"]
[EventType "swiss"]
[EventRounds "7"]
[EventCountry "GER"]
[SourceTitle "EXT 2012"]
[Source "ChessBase"]
[SourceDate "2011.11.24"]
[SourceVersion "1"]
[SourceVersionDate "2011.11.24"]
[SourceQuality "1"]

1. e4 e5 2. Nf3 Nc6 3. Nc3 Nf6 4. d3 Bb4 5. Be2 0-0 6. 0-0 Ne7 7. Nxe5 d5 8. Bg5 Bxc3 9. bxc3 Qd6 10. Bxf6 Qxf6 11. Ng4 Qxc3 12. exd5 Nxd5 13. Rb1 Qd4 14. Nh6+ gxh6 15. Qd2 Qg7 16. Bf3 c6 17. Kh1 Qg5 18. Qe2 Nc3 19. Qe1 Nxb1 20. Qxb1 Re8 21. g4 Bxg4 22. Bxg4 Qd5+ 23. f3 Re2 24. Rg1 Kf8 25. Qxb7 Rae8 26. Rf1 Qd6 27. Qxa7 Qxh2# 0-1